Jurisdicción nacional y control de convencionalidad: (Registro nro. 20444)
[ vista simple ]
| 000 -Cabecera | |
|---|---|
| Campo de control interno | 00532nam a2200181Ia 4500 |
| 005 - Fecha y hora del registro | |
| control field | 20260306172806.0 |
| 008 - Elementos de Longitud Fija | |
| fixed length control field | 260306t2013||||xx |||||||||||||| ||spa|| |
| 041 ## - Idioma | |
| Codigo Idioma | ESP |
| 082 ## - DEWEY y NOTACIÓN INTERNA | |
| Dewey | 343.21 |
| Notación Interna | J35 |
| 100 ## - AUTOR | |
| Autor denominación | Quesada, Luis Jimena |
| Término de relación | autor |
| 245 #0 - TÍTULO DE MATERIAL BIBLIOGRÁFICO | |
| Título | Jurisdicción nacional y control de convencionalidad: |
| Título paralelo | a propósito de diálogo judicial global y de la tutela multinivel de derechos |
| 260 ## - CIUDAD, EDITORIAL, AÑO | |
| Año | 2013 |
| 300 ## - DESCRIPCIÓN | |
| N° Páginas | 174 páginas : |
| Dimensiones | 23 cm. |
| 650 ## - TEMAS | |
| Temas | Generalidades |
| 654 ## - PROGRAMAS | |
| Programa | Dpto. de Derecho y Ciencia Política |
| 942 ## - ELEMENTOS DE KOHA | |
| Tipo de documento | Libro |
| Nombre del creador | Justo Noguera |
| Código de catalogador | Justo Noguera |
| Esquema de clasificación | Dewey Decimal Classification |
| Suppress in OPAC | |
| Codigo completo | Registro | Colección | Copia número | Disponibilidad | Tipo de préstamo | Biblioteca Actual | Procedencia (Biblioteca) | Ubicacón | Fecha Ingreso | Tipo de Adquisición | Date last seen | Total checkouts | Price effective from | Tipo de Item | Estado del Material | Fuente de Clasificación | Damaged status | Withdrawn status |
|---|---|---|---|---|---|---|---|---|---|---|---|---|---|---|---|---|---|---|
| 343.21 J35 | 1027382 | Universidad Católica San Pablo | 1 | Disponible | Disponible | Víctor Andrés Belaunde | Víctor Andrés Belaunde | Primer piso | 03/06/2026 | Compra | 06/03/2026 | 06/03/2026 | Libro | Bueno | Dewey Decimal Classification |




